[Event "ENCI Limburg-open C"]
[Site "Maastricht"]
[Date "2011.06.11"]
[Round "2"]
[White "Ulburghs, Piet"]
[Black "Gundogmus, Alaetin"]
[Result "1/2-1/2"]
[WhiteElo "1697"]
[BlackElo "1552"]
[PlyCount "162"]
[EventDate "2011.06.10"]
[EventType "swiss"]
[EventRounds "7"]
[EventCountry "NED"]
[Source "P.Boonen"]
[SourceDate "2012.01.01"]

1. c4 e5 2. g3 Nc6 3. Nc3 Nf6 4. Bg2 Bc5 5. Nf3 d6 6. d3 h6 7. O-O Nd4 8. Nxd4
Bxd4 9. Na4 a6 10. e3 Ba7 11. Qc2 Rb8 12. Nc3 Be6 13. b4 O-O 14. a4 d5 15. cxd5
Nxd5 16. b5 Nb4 17. Qb1 Bc5 18. Rd1 Nd5 19. Ne4 Be7 20. Bb2 f6 21. d4 exd4 22.
Rxd4 Qc8 23. Nd2 Nb6 24. Qc2 Rd8 25. Nf3 Bf5 26. Qc3 axb5 27. axb5 c5 28. Rxd8+
Qxd8 29. Nh4 Bh7 30. Bf3 Ra8 31. Rd1 Qc7 32. Ng2 Rd8 33. Nf4 Rxd1+ 34. Bxd1 Qd7
35. Bb3+ c4 36. Bxc4+ Nxc4 37. Qxc4+ Kh8 38. Bd4 Qf5 39. h3 Qb1+ 40. Qf1 Qb3
41. b6 Bd8 42. Qc1 Be4 43. Kh2 Qa2 44. Kg1 Bc6 45. h4 Qf7 46. Qc2 g5 47. hxg5
hxg5 48. Ng2 Qd5 49. f3 Qxf3 50. Qf2 Kg7 51. Qxf3 Bxf3 52. Ne1 Bc6 53. Kf2 Kg6
54. Nd3 Kf5 55. Nb4 Be4 56. Na2 Be7 57. Nc3 Bc6 58. Ne2 Bd6 59. g4+ Kg6 60. Nc3
Bb4 61. Ne2 f5 62. gxf5+ Kxf5 63. Ng3+ Kg4 64. Nf1 Bd6 65. Nd2 Kf5 66. Nb3 g4
67. Nc5 g3+ 68. Kg1 g2 69. Nd3 Bg3 70. Nc1 Bf3 71. Nb3 Bd6 72. Nd2 Bc6 73. Nc4
Bb8 74. Bc5 Bg3 75. Nd2 Ke6 76. e4 Bf4 77. Bb4 Bxd2 78. Bxd2 Bxe4 79. Be3 Kf5
80. Bc5 Kf4 81. Bd6+ Kf3 1/2-1/2

[Event "ENCI Limburg-open C"]
[Site "Maastricht"]
[Date "2011.06.11"]
[Round "2"]
[White "Van Broekhoven, Stefan"]
[Black "Klokgieters, Dick"]
[Result "1/2-1/2"]
[WhiteElo "1415"]
[BlackElo "1522"]
[PlyCount "74"]
[EventDate "2011.06.10"]
[EventType "swiss"]
[EventRounds "7"]
[EventCountry "NED"]
[Source "P.Boonen"]
[SourceDate "2012.01.01"]

1. e4 e5 2. Bc4 Bc5 3. Nc3 d6 4. d3 h6 5. Nge2 Bg4 6. O-O Nf6 7. Be3 Bxe3 8.
fxe3 c6 9. Qe1 Nbd7 10. d4 O-O 11. dxe5 dxe5 12. Rd1 Qb6 13. Qg3 Qb4 14. Bd3
Bh5 15. a3 Qb6 16. b4 Qc7 17. Na4 Bg6 18. Qh4 a6 19. c4 b5 20. Nac3 bxc4 21.
Bxc4 Qb6 22. Rd3 Qb7 23. Ng3 Nb6 24. Bb3 a5 25. b5 cxb5 26. Nf5 Bxf5 27. Rxf5
b4 28. Nb5 a4 29. Nd6 Qc7 30. Bxf7+ Rxf7 31. Nxf7 Qxf7 32. Rxe5 Nc4 33. Rf5 Qc7
34. e5 Nxe5 35. Rd1 Nfd7 36. Qxb4 Qc2 37. Rff1 Qc5 1/2-1/2

[Event "ENCI Limburg-open C"]
[Site "Maastricht"]
[Date "2011.06.11"]
[Round "2"]
[White "Van Ginneken, Maikel"]
[Black "Beukema, Jasper"]
[Result "1-0"]
[WhiteElo "1337"]
[BlackElo "1580"]
[PlyCount "57"]
[EventDate "2011.06.10"]
[EventType "swiss"]
[EventRounds "7"]
[EventCountry "NED"]
[Source "P.Boonen"]
[SourceDate "2012.01.01"]

1. d4 d5 2. c4 e6 3. Nc3 Nf6 4. Bd2 c5 5. cxd5 cxd4 6. Qa4+ Qd7 7. Qxd4 Nc6 8.
Qc4 exd5 9. Qb3 Nd4 10. Qd1 Qf5 11. Rc1 Ng4 12. Qa4+ Nc6 13. Nf3 Bd7 14. Qb3
Nd4 15. Qxb7 Bc6 16. Qa6 Bb5 17. Nxb5 Nc2+ 18. Rxc2 Qxc2 19. e3 Bb4 20. Nbd4
Bxd2+ 21. Nxd2 Qc1+ 22. Ke2 Qxb2 23. Qc6+ Ke7 24. Nf5+ Kd8 25. Qxa8+ Kc7 26.
Qxh8 Qxa2 27. Qxg7 Qa6+ 28. Ke1 Qa4 29. Qxf7+ 1-0

[Event "ENCI Limburg-open C"]
[Site "Maastricht"]
[Date "2011.06.11"]
[Round "2"]
[White "Van der Wouw, Paul"]
[Black "Disters, Ingrid"]
[Result "1/2-1/2"]
[WhiteElo "1538"]
[BlackElo "1101"]
[PlyCount "46"]
[EventDate "2011.06.10"]
[EventType "swiss"]
[EventRounds "7"]
[EventCountry "NED"]
[Source "P.Boonen"]
[SourceDate "2012.01.01"]

1. Nc3 Nf6 2. Nf3 g6 3. d4 d5 4. e3 Bg7 5. Bd3 O-O 6. Bd2 c6 7. Qe2 Bg4 8. h3
Bxf3 9. Qxf3 Nbd7 10. O-O e6 11. Qd1 Re8 12. Ne2 Qc7 13. c4 Qd8 14. Rc1 Rc8 15.
Bc3 Nb6 16. Ba5 Qe7 17. c5 Nbd7 18. Bc3 Qd8 19. b4 e5 20. Ng3 e4 21. Bc2 b5 22.
f3 Bh6 23. f4 a6 1/2-1/2

[Event "ENCI Limburg-open C"]
[Site "Maastricht"]
[Date "2011.06.11"]
[Round "2"]
[White "Vossen, Martijn"]
[Black "Johnson, Mark1"]
[Result "1-0"]
[WhiteElo "1564"]
[BlackElo "1138"]
[PlyCount "75"]
[EventDate "2011.06.10"]
[EventType "swiss"]
[EventRounds "7"]
[EventCountry "NED"]
[Source "P.Boonen"]
[SourceDate "2012.01.01"]

1. e4 e5 2. Nf3 Nf6 3. d4 Nxe4 4. Bd3 d5 5. dxe5 Nc5 6. Nc3 Be7 7. Nxd5 Be6 8.
Nxe7 Nxd3+ 9. Qxd3 Qxd3 10. cxd3 Kxe7 11. Bg5+ f6 12. exf6+ gxf6 13. Bf4 c6 14.
O-O Re8 15. Rfe1 Nd7 16. Nd4 Kf7 17. Rxe6 Rxe6 18. Nxe6 Kxe6 19. Re1+ Kf7 20.
Bd6 Re8 21. Rxe8 Kxe8 22. f4 f5 23. Kf2 Kf7 24. h3 Ke6 25. Bb4 c5 26. Bc3 h5
27. Kg3 Kf7 28. Kh4 Kg6 29. g4 fxg4 30. hxg4 hxg4 31. Kxg4 Nf6+ 32. Bxf6 Kxf6
33. Kf3 Kf5 34. b3 b5 35. a4 a6 36. Ke3 bxa4 37. bxa4 a5 38. Kf3 1-0

[Event "ENCI Limburg-open C"]
[Site "Maastricht"]
[Date "2011.06.11"]
[Round "2"]
[White "Vossen, Patrick"]
[Black "Van der Werff, Silvia"]
[Result "1-0"]
[WhiteElo "1310"]
[BlackElo "1416"]
[PlyCount "83"]
[EventDate "2011.06.10"]
[EventType "swiss"]
[EventRounds "7"]
[EventCountry "NED"]
[Source "P.Boonen"]
[SourceDate "2012.01.01"]

1. d4 d5 2. Nf3 Nf6 3. e3 Bf5 4. Bd3 Bxd3 5. Qxd3 e6 6. Nbd2 Nbd7 7. c3 c5 8.
O-O c4 9. Qc2 Bd6 10. e4 Be7 11. h3 O-O 12. Re1 b5 13. e5 Ne8 14. a3 Qb6 15.
Nf1 f6 16. Ng3 fxe5 17. Nxe5 Nxe5 18. Rxe5 Nf6 19. Qe2 Bd6 20. Rxe6 Qc7 21. Nf5
Ne4 22. Nxd6 Nxd6 23. Re7 Qc6 24. Qg4 Rf7 25. Qe6 Rc8 26. Bf4 Kh8 27. Bxd6 Rf6
28. Qg4 Rg6 29. Qf5 Rf6 30. Qg4 Rg6 31. Qf5 Rf6 32. Qe5 Qxd6 33. Qxd6 Rxd6 34.
Rxa7 Rb8 35. Re1 Rdd8 36. Ree7 Rg8 37. Red7 Rbd8 38. Rab7 Rxd7 39. Rxd7 Rb8 40.
Rxd5 Kg8 41. Re5 Kf7 42. f4 1-0

[Event "ENCI Limburg-open C"]
[Site "Maastricht"]
[Date "2011.06.11"]
[Round "2"]
[White "Weerts, Rene"]
[Black "Uiterwijk, Jos"]
[Result "*"]
[WhiteElo "1651"]
[BlackElo "1598"]
[PlyCount "67"]
[EventDate "2011.06.10"]
[EventType "swiss"]
[EventRounds "7"]
[EventCountry "NED"]
[Source "P.Boonen"]
[SourceDate "2012.01.01"]

1. d4 d5 2. Nf3 Nf6 3. Bf4 e6 4. c3 Be7 5. Nbd2 O-O 6. e3 Nbd7 7. Bd3 c5 8. O-O
c4 9. Bc2 Nh5 10. Ng5 g6 11. Nxh7 Re8 12. Qg4 Ndf6 13. Nxf6+ Nxf6 14. Qg3 Nh5
15. Qf3 Nxf4 16. Qxf4 Kg7 17. Qf3 Rh8 18. e4 Bg5 19. Rfd1 Bxd2 20. Rxd2 Qg5 21.
Re2 Bd7 22. exd5 exd5 23. Re5 Qh6 24. Qg3 Be6 25. Bxg6 Kf6 26. Bh5 Ke7 27. Rae1
Rag8 28. Rxe6+ fxe6 29. Qc7+ Kf6 30. Qf7+ Kg5 31. g3 Qg7 32. h4+ Kh6 33. Rxe6+
Kh7 34. Qf5+ *

[Event "ENCI Limburg-open C"]
[Site "Maastricht"]
[Date "2011.06.11"]
[Round "3"]
[White "Barbaric, Marco"]
[Black "Dijkstra, Hidde"]
[Result "0-1"]
[WhiteElo "1406"]
[BlackElo "1505"]
[PlyCount "88"]
[EventDate "2011.06.10"]
[EventType "swiss"]
[EventRounds "7"]
[EventCountry "NED"]
[Source "P.Boonen"]
[SourceDate "2012.01.01"]

1. e4 d5 2. exd5 Nf6 3. d4 Nxd5 4. Nf3 g6 5. c4 Nb6 6. Be3 Bg7 7. Be2 O-O 8.
O-O Nc6 9. Qd2 Re8 10. Nc3 e5 11. d5 Ne7 12. Bh6 Bh8 13. Rad1 Nf5 14. b3 Nxh6
15. Qxh6 Bg7 16. Qe3 f5 17. c5 Nd7 18. Bc4 f4 19. Qc1 Nxc5 20. Nb5 Kh8 21. d6
e4 22. Nfd4 cxd6 23. Qxf4 Be5 24. Qh6 Rf8 25. Nc7 Bg7 26. Qe3 Qxc7 27. Nb5 Qe7
28. Nxd6 Nd7 29. Rfe1 Nf6 30. Qg5 Qc7 31. Qf4 Bf5 32. Qg5 Ng4 33. h3 Ne5 34.
Be2 Nd3 35. Bxd3 exd3 36. Nc4 Rae8 37. Ne3 d2 38. Rf1 Bd3 39. Rxd2 Bxf1 40.
Kxf1 Qf4 41. Qc5 Rxe3 42. Qxa7 Bc3 43. Re2 Qxf2+ 44. Rxf2 Re1# 0-1

[Event "ENCI Limburg-open C"]
[Site "Maastricht"]
[Date "2011.06.11"]
[Round "3"]
[White "Been, Klaas"]
[Black "Hodzic, Hajrudin"]
[Result "0-1"]
[WhiteElo "1738"]
[BlackElo "1678"]
[PlyCount "47"]
[EventDate "2011.06.10"]
[EventType "swiss"]
[EventRounds "7"]
[EventCountry "NED"]
[Source "P.Boonen"]
[SourceDate "2012.01.01"]

1. d4 d5 2. Nf3 Nf6 3. e3 Bg4 4. Bd3 Bxf3 5. Qxf3 e6 6. Nd2 c6 7. O-O h5 8. e4
dxe4 9. Nxe4 Qxd4 10. c3 Qd8 11. Bg5 Be7 12. Rad1 Nxe4 13. Bxe4 Qa5 14. Bxe7
Kxe7 15. Qg3 Nd7 16. Qd6+ Kf6 17. Qf4+ Ke7 18. Rxd7+ Kxd7 19. Qxf7+ Kc8 20.
Qxe6+ Kb8 21. Rd1 Rd8 22. Rxd8+ Qxd8 23. Qe5+ Qc7 24. Qxh5 {.....} 0-1

[Event "ENCI Limburg-open C"]
[Site "Maastricht"]
[Date "2011.06.11"]
[Round "3"]
[White "Beukema, Christiaan"]
[Black "Ingelaere, Arthur"]
[Result "0-1"]
[WhiteElo "1071"]
[BlackElo "1342"]
[PlyCount "102"]
[EventDate "2011.06.10"]
[EventType "swiss"]
[EventRounds "7"]
[EventCountry "NED"]
[Source "P.Boonen"]
[SourceDate "2012.01.01"]

1. e4 c5 2. Nf3 Nc6 3. d3 g6 4. Be3 d6 5. g3 Bg7 6. Nc3 Nf6 7. Bg2 Ng4 8. Qd2
Nxe3 9. Qxe3 Nd4 10. Qd2 Nxf3+ 11. Bxf3 Bd7 12. Bg2 O-O 13. O-O Qc8 14. Nd5 Re8
15. c3 e6 16. Ne3 Bh6 17. Qe2 Bc6 18. d4 d5 19. e5 cxd4 20. cxd4 Qd7 21. Qf3
Bb5 22. Ng4 Bg7 23. Rfd1 h5 24. Nf6+ Bxf6 25. Qxf6 Qe7 26. Qxe7 Rxe7 27. Bf1
Bc6 28. Bd3 Rc7 29. Rac1 Rac8 30. Be2 Ba4 31. Rxc7 Rxc7 32. b3 Bd7 33. g4 hxg4
34. Bxg4 Rc2 35. a3 Rb2 36. Rd3 Ra2 37. b4 Rc2 38. h4 Bb5 39. Re3 Bc4 40. h5
Kg7 41. Rg3 g5 42. Rg2 Rd2 43. Kh2 Rxd4 44. Kh3 Bf1 45. Bf3 Bxg2+ 46. Bxg2 Rh4+
47. Kg3 Rxh5 48. Kg4 Rh2 49. Kg3 Rh4 50. Kf3 Rc4 51. Kg3 Rc3+ 0-1

[Event "ENCI Limburg-open C"]
[Site "Maastricht"]
[Date "2011.06.11"]
[Round "3"]
[White "Beukema, Jasper"]
[Black "Dekens, Joop"]
[Result "1/2-1/2"]
[WhiteElo "1580"]
[BlackElo "1595"]
[PlyCount "57"]
[EventDate "2011.06.10"]
[EventType "swiss"]
[EventRounds "7"]
[EventCountry "NED"]
[Source "P.Boonen"]
[SourceDate "2012.01.01"]

1. e4 c5 2. Nf3 d6 3. c3 d5 4. Bb5+ Nc6 5. exd5 Qxd5 6. O-O Bd7 7. c4 Qh5 8.
Nc3 Nf6 9. d3 Ne5 10. Nxe5 Qxe5 11. Re1 Qc7 12. Bg5 Bxb5 13. Nxb5 Qc6 14. Qa4
Nd7 15. Bf4 Kd8 16. Bc7+ Kc8 17. Bg3 a6 18. Nd6+ Kd8 19. Nxf7+ Ke8 20. Qxc6
bxc6 21. Nxh8 Ra7 22. Re4 Nf6 23. Rh4 g5 24. Rh3 Bg7 25. Ng6 hxg6 26. Re1 g4
27. Bb8 Rb7 28. Rhe3 Rxb8 29. Rxe7+ 1/2-1/2

[Event "ENCI Limburg-open C"]
[Site "Maastricht"]
[Date "2011.06.11"]
[Round "3"]
[White "Buis, Jan"]
[Black "Klokgieters, Jeroen"]
[Result "1/2-1/2"]
[WhiteElo "1509"]
[BlackElo "1150"]
[PlyCount "51"]
[EventDate "2011.06.10"]
[EventType "swiss"]
[EventRounds "7"]
[EventCountry "NED"]
[Source "P.Boonen"]
[SourceDate "2012.01.01"]

1. d4 d5 2. Nf3 Bf5 3. Bf4 Nf6 4. h3 h6 5. e3 Nbd7 6. Nbd2 e6 7. c3 c5 8. Be2
Be7 9. a4 O-O 10. O-O c4 11. Ne5 Nxe5 12. Bxe5 a6 13. Bxf6 Bxf6 14. Nf3 b5 15.
axb5 axb5 16. Qd2 Qb6 17. Ne5 Bxe5 18. dxe5 Rfb8 19. b4 cxb3 20. Qb2 Rxa1 21.
Rxa1 Bc2 22. Bd1 b4 23. Bxc2 bxc2 24. cxb4 c1=Q+ 25. Rxc1 Qxb4 26. Qxb4 1/2-1/2

[Event "ENCI Limburg-open C"]
[Site "Maastricht"]
[Date "2011.06.11"]
[Round "3"]
[White "De Lange, Gerard"]
[Black "Roemhild, Wolfgang"]
[Result "0-1"]
[WhiteElo "1599"]
[BlackElo "1696"]
[PlyCount "82"]
[EventDate "2011.06.10"]
[EventType "swiss"]
[EventRounds "7"]
[EventCountry "NED"]
[Source "P.Boonen"]
[SourceDate "2012.01.01"]

1. d4 g6 2. e4 Bg7 3. Nf3 d6 4. Be2 Nd7 5. Be3 b6 6. Nbd2 Bb7 7. c3 Ngf6 8. Qc2
Ng4 9. Bf4 e5 10. Bg3 Nh6 11. Rd1 Qe7 12. Bd3 O-O 13. O-O f5 14. h3 f4 15. Bh2
g5 16. dxe5 Bxe5 17. Nxe5 Nxe5 18. Be2 g4 19. hxg4 Nhxg4 20. f3 Ne3 21. Qb3+
Kh8 22. Rf2 Qh4 23. Qe6 Rg8 24. Rc1 Rae8 25. Qb3 Rg6 26. Nc4 N5xc4 27. Bxc4 Rh6
28. g4 fxg3 29. Re2 gxh2+ 30. Kh1 Qf4 31. Rf2 Bxe4 32. Be2 Bd5 33. c4 Ng4 34.
Qc3+ Re5 35. Rg2 Ne3 36. cxd5 Nxg2 37. Qxc7 Rg6 38. Bd3 Ne1 39. Qc8+ Rg8 40.
Qxg8+ Kxg8 41. Rc8+ Kf7 0-1

[Event "ENCI Limburg-open C"]
[Site "Maastricht"]
[Date "2011.06.11"]
[Round "3"]
[White "De Schepper, Marcel"]
[Black "Welling, Sophie"]
[Result "1/2-1/2"]
[WhiteElo "1617"]
[BlackElo "1567"]
[PlyCount "60"]
[EventDate "2011.06.10"]
[EventType "swiss"]
[EventRounds "7"]
[EventCountry "NED"]
[Source "P.Boonen"]
[SourceDate "2012.01.01"]

1. d4 d5 2. c4 e6 3. Nc3 Nf6 4. Nf3 b6 5. e3 Ba6 6. b3 Be7 7. Bd3 O-O 8. O-O
Bb7 9. Bb2 Nbd7 10. cxd5 Nxd5 11. Nxd5 Bxd5 12. Qe2 c5 13. Rad1 cxd4 14. Bxd4
Rc8 15. Ba6 Rc7 16. Ne5 Qb8 17. Nxd7 Rxd7 18. Bb5 Rdd8 19. Qg4 e5 20. Bb2 f6
21. Bd3 Qb7 22. e4 Bc6 23. Kh1 Bd6 24. Bc1 g6 25. Bh6 Rfe8 26. h4 Bd7 27. Bc4+
Kh8 28. Qe2 Bf8 29. Bc1 Bc6 30. f3 Bc5 1/2-1/2

[Event "ENCI Limburg-open C"]
[Site "Maastricht"]
[Date "2011.06.11"]
[Round "3"]
[White "De Vries, Robert"]
[Black "Vossen, Martijn"]
[Result "0-1"]
[WhiteElo "1536"]
[BlackElo "1564"]
[PlyCount "82"]
[EventDate "2011.06.10"]
[EventType "swiss"]
[EventRounds "7"]
[EventCountry "NED"]
[Source "P.Boonen"]
[SourceDate "2012.01.01"]

1. e4 d6 2. Nf3 Nf6 3. d3 g6 4. Be2 Bg7 5. O-O c5 6. c3 Nc6 7. Qc2 O-O 8. Nbd2
b6 9. b3 a5 10. Bb2 Ba6 11. Rfe1 Rc8 12. Rac1 Qd7 13. c4 Nh5 14. Bxg7 Nxg7 15.
Qb2 Ne6 16. Nf1 Rb8 17. Ne3 b5 18. e5 bxc4 19. dxc4 Ncd4 20. exd6 Qxd6 21. Rcd1
Bb7 22. Nxd4 Nxd4 23. Qc3 Rfd8 24. Qxa5 Ra8 25. Qd2 Qa6 26. Nd5 Bxd5 27. cxd5
Qxa2 28. Bc4 Qxd2 29. Rxd2 Nf5 30. g4 Nh4 31. Rd3 Kf8 32. Rh3 g5 33. f4 h6 34.
fxg5 hxg5 35. Kf2 Rd6 36. Re5 Rf6+ 37. Ke2 Ng6 38. Kd2 Ra2+ 39. Ke3 Nxe5 40.
Rh8+ Kg7 41. Rc8 Nxc4+ 0-1

[Event "ENCI Limburg-open C"]
[Site "Maastricht"]
[Date "2011.06.11"]
[Round "3"]
[White "Disters, Ingrid"]
[Black "Schlepuetz, Volker"]
[Result "0-1"]
[WhiteElo "1101"]
[BlackElo "1396"]
[PlyCount "78"]
[EventDate "2011.06.10"]
[EventType "swiss"]
[EventRounds "7"]
[EventCountry "NED"]
[Source "P.Boonen"]
[SourceDate "2012.01.01"]

1. e4 c5 2. Nf3 e6 3. d4 cxd4 4. Nxd4 Nf6 5. Nc3 d6 6. Bd3 a6 7. O-O Nc6 8. Nf3
b5 9. Bg5 h6 10. Bxf6 gxf6 11. Re1 Bb7 12. a3 Rc8 13. Qd2 h5 14. b4 Bh6 15. Qd1
Nxb4 16. axb4 Rxc3 17. Ra2 Qc7 18. Bf1 Rg8 19. g3 Rg4 20. Bd3 d5 21. Nd2 Qb6
22. Qe2 Bf4 23. Kf1 Bd6 24. h3 Rg7 25. Rb2 Bxg3 26. Nb1 Bh2 27. Qd2 Rg1+ 28.
Ke2 Rxe1+ 29. Qxe1 Rc8 30. Kd1 Be5 31. c3 dxe4 32. Bxe4 Rd8+ 33. Kc2 Bxe4+ 34.
Qxe4 Qxf2+ 35. Kb3 Qb6 36. Qh4 a5 37. Ka3 axb4+ 38. Qxb4 Bd6 39. Qxd6 Rxd6 0-1

[Event "ENCI Limburg-open C"]
[Site "Maastricht"]
[Date "2011.06.11"]
[Round "3"]
[White "Elisen, Peter"]
[Black "Van der Wouw, Paul"]
[Result "1/2-1/2"]
[WhiteElo "1500"]
[BlackElo "1538"]
[PlyCount "139"]
[EventDate "2011.06.10"]
[EventType "swiss"]
[EventRounds "7"]
[EventCountry "NED"]
[Source "P.Boonen"]
[SourceDate "2012.01.01"]

1. d4 Nf6 2. c4 e5 3. d5 Bc5 4. Nc3 a6 5. e3 d6 6. h3 Nbd7 7. Qc2 Nf8 8. Bd3
Ng6 9. Nge2 Bd7 10. Bd2 O-O 11. Ng3 Ne7 12. e4 Ng6 13. Nge2 Nh5 14. g4 Nf6 15.
Ng3 Nh4 16. Be2 Ng2+ 17. Kf1 Nf4 18. Bxf4 exf4 19. Nf5 h6 20. Bf3 b5 21. b3 Re8
22. Ne2 c6 23. Nxf4 Qb6 24. Re1 cxd5 25. exd5 Rxe1+ 26. Kxe1 Re8+ 27. Kf1 bxc4
28. bxc4 Bxf5 29. gxf5 Bd4 30. Nd3 Ne4 31. Kg2 Qd8 32. Kf1 Qg5 33. Bxe4 Rxe4
34. c5 dxc5 35. Nxc5 Rf4 36. Rh2 Qxf5 37. Qxf5 Rxf5 38. Nxa6 Rxd5 39. f3 Rb5
40. Rc2 Rb1+ 41. Kg2 Rb2 42. Rxb2 Bxb2 43. a4 g5 44. Nc5 Bd4 45. Nb3 Ba7 46. a5
f5 47. a6 Kf7 48. Na5 Ke6 49. Nc6 Bb6 50. Nd8+ Ke7 51. Nc6+ Ke6 52. Kg3 Kd5 53.
Ne7+ Ke6 54. Nc8 Bc5 55. a7 Bxa7 56. Nxa7 h5 57. Nc6 h4+ 58. Kf2 Kd5 59. Ne7+
Ke5 60. Ke3 Ke6 61. Nc6 Kd5 62. Nb4+ Kc4 63. Nd3 Kd5 64. Nf2 Ke5 65. Nd3+ Kd5
66. Ne1 Ke5 67. Ng2 f4+ 68. Kd3 Kd5 69. Ne1 Ke5 70. Ng2 1/2-1/2

[Event "ENCI Limburg-open C"]
[Site "Maastricht"]
[Date "2011.06.11"]
[Round "3"]
[White "Freriks, Oscar"]
[Black "Bauchmueller, Franz Josef"]
[Result "1-0"]
[WhiteElo "1505"]
[BlackElo "1587"]
[PlyCount "79"]
[EventDate "2011.06.10"]
[EventType "swiss"]
[EventRounds "7"]
[EventCountry "NED"]
[Source "P.Boonen"]
[SourceDate "2012.01.01"]

1. e4 e5 2. Nf3 Nc6 3. d4 exd4 4. Nxd4 Bc5 5. Be3 Qf6 6. c3 Nge7 7. g3 d6 8.
Bg2 Bd7 9. O-O O-O 10. Qd2 h6 11. a4 Qg6 12. b4 Bxd4 13. cxd4 a6 14. f4 f5 15.
d5 Nd8 16. e5 dxe5 17. fxe5 Qe8 18. Nc3 Bc8 19. Rae1 Bd7 20. a5 Bb5 21. Nxb5
Qxb5 22. Bc5 Re8 23. d6 cxd6 24. exd6 Ng6 25. Rxf5 Rxe1+ 26. Qxe1 Qd7 27. Rf2
Nc6 28. Re2 Nce5 29. Rxe5 Nxe5 30. Qxe5 Re8 31. Qd5+ Kh8 32. Qxb7 Qf5 33. Qf3
Re1+ 34. Kf2 Qe6 35. Bh3 Qe5 36. Qf8+ Kh7 37. Qf5+ Kg8 38. Qxe5 Rxe5 39. d7 Rd5
40. Be6+ 1-0

[Event "ENCI Limburg-open C"]
[Site "Maastricht"]
[Date "2011.06.11"]
[Round "3"]
[White "Geene, Joris"]
[Black "Liston, Mike"]
[Result "1/2-1/2"]
[WhiteElo "1583"]
[BlackElo "1667"]
[PlyCount "135"]
[EventDate "2011.06.10"]
[EventType "swiss"]
[EventRounds "7"]
[EventCountry "NED"]
[Source "P.Boonen"]
[SourceDate "2012.01.01"]

1. e4 e5 2. Nf3 Nc6 3. d4 exd4 4. Bc4 Bb4+ 5. c3 dxc3 6. O-O cxb2 7. Bxb2 Nf6
8. e5 d5 9. exf6 dxc4 10. fxg7 Rg8 11. Qe2+ Be6 12. Rd1 Qe7 13. Nc3 Bd6 14. Ne4
O-O-O 15. Bf6 Qd7 16. Bxd8 Qxd8 17. Nfg5 Qe7 18. Nxd6+ cxd6 19. Nxe6 fxe6 20.
Qxc4 Rxg7 21. Qf4 e5 22. Qf5+ Qd7 23. Qf8+ Kc7 24. Rxd6 Rxg2+ 25. Kxg2 Qxd6 26.
Qxd6+ Kxd6 27. Kf3 Nd4+ 28. Ke4 Ke6 29. Rg1 Nf5 30. f4 Nd6+ 31. Kf3 exf4 32.
Kxf4 Kf6 33. Rc1 a5 34. Rc5 b5 35. Rc6 Ke6 36. Rc7 b4 37. Rxh7 a4 38. Ra7 b3
39. Rxa4 bxa2 40. Rxa2 Nf7 41. h4 Kf6 42. Ra6+ Kg7 43. h5 Nh6 44. Rg6+ Kh7 45.
Kg5 Nf7+ 46. Kf6 Nh6 47. Ke7 Nf5+ 48. Kf8 Nh6 49. Rg7+ Kh8 50. Ra7 Ng8 51. Ke8
Nf6+ 52. Kf7 Nxh5 53. Kg6 Nf4+ 54. Kf5 Nd5 55. Rd7 Nb6 56. Rd3 Nc4 57. Rc3 Na5
58. Rc5 Nb7 59. Rc7 Nd6+ 60. Kg6 Kg8 61. Ra7 Kf8 62. Kf6 Ne8+ 63. Kg6 Nd6 64.
Kf6 Ne8+ 65. Ke6 Ng7+ 66. Ke5 Ne8 67. Rb7 Ng7 68. Ra7 1/2-1/2

[Event "ENCI Limburg-open C"]
[Site "Maastricht"]
[Date "2011.06.11"]
[Round "3"]
[White "Giesen, Janneke"]
[Black "Krug, Franz Dieter"]
[Result "1-0"]
[WhiteElo "1268"]
[BlackElo "1411"]
[PlyCount "39"]
[EventDate "2011.06.10"]
[EventType "swiss"]
[EventRounds "7"]
[EventCountry "NED"]
[Source "P.Boonen"]
[SourceDate "2012.01.01"]

1. e4 e5 2. Nf3 d6 3. Nc3 c6 4. d4 exd4 5. Nxd4 Be7 6. Bc4 Nf6 7. O-O O-O 8.
Bf4 b5 9. Bd3 h6 10. Qd2 Bb7 11. Rfe1 a6 12. Nce2 c5 13. Nf5 c4 14. Neg3 cxd3
15. cxd3 Nh7 16. Bxh6 gxh6 17. Qxh6 Bf6 18. Nh5 Bh8 19. Re3 Ng5 20. Rg3 1-0

[Event "ENCI Limburg-open C"]
[Site "Maastricht"]
[Date "2011.06.11"]
[Round "3"]
[White "Godding, Mick"]
[Black "Roesler, Manfred"]
[Result "1-0"]
[WhiteElo "1544"]
[BlackElo "1599"]
[PlyCount "43"]
[EventDate "2011.06.10"]
[EventType "swiss"]
[EventRounds "7"]
[EventCountry "NED"]
[Source "P.Boonen"]
[SourceDate "2012.01.01"]

1. e4 c6 2. d4 d5 3. Nc3 dxe4 4. Nxe4 Bf5 5. Ng3 Bg6 6. Nf3 h6 7. Bc4 e6 8. Ne5
Qf6 9. O-O Bd6 10. f4 Bxe5 11. fxe5 Qe7 12. Bd3 Bxd3 13. Qxd3 Nd7 14. Ne4 f5
15. Nd6+ Kd8 16. Nxb7+ Kc7 17. Nd6 Nb6 18. Qa6 Kb8 19. Bd2 Qc7 20. Ba5 Ne7 21.
c4 Qd7 22. Bxb6 1-0

[Event "ENCI Limburg-open C"]
[Site "Maastricht"]
[Date "2011.06.11"]
[Round "3"]
[White "Gulikers, Ruud"]
[Black "Scheeren, Wiel"]
[Result "0-1"]
[WhiteElo "1631"]
[BlackElo "1625"]
[PlyCount "84"]
[EventDate "2011.06.10"]
[EventType "swiss"]
[EventRounds "7"]
[EventCountry "NED"]
[Source "P.Boonen"]
[SourceDate "2012.01.01"]

1. e4 d6 2. d4 Nf6 3. Nc3 Nbd7 4. Nf3 e5 5. Bc4 h6 6. Be3 c6 7. Qd2 Qc7 8. h3
Be7 9. O-O-O b5 10. Bb3 a5 11. a4 b4 12. Nb1 Nxe4 13. Qe2 Ba6 14. Qe1 Nef6 15.
Nbd2 e4 16. Ng1 d5 17. f3 Bd6 18. f4 Bxf4 19. Bxf4 Qxf4 20. Kb1 O-O 21. Ne2
Bxe2 22. Qxe2 Rfe8 23. Rhf1 Qd6 24. Qe3 c5 25. dxc5 Qxc5 26. Qg3 e3 27. Rxf6
Nxf6 28. Nf3 e2 29. Re1 Qe3 30. Qh2 Rad8 31. Ng1 Qd2 32. Nf3 Qd1+ 33. Ka2 Re3
34. c3 Qd3 35. Qc7 Rd7 36. Qb8+ Re8 37. Qb6 bxc3 38. bxc3 Qxc3 39. Qd4 Qxd4 40.
Nxd4 Rde7 41. Nc6 Re4 42. Nxa5 Rf4 0-1

[Event "ENCI Limburg-open C"]
[Site "Maastricht"]
[Date "2011.06.11"]
[Round "3"]
[White "Gundogmus, Alaetin"]
[Black "Katoen, Tom"]
[Result "1-0"]
[WhiteElo "1552"]
[BlackElo "1330"]
[PlyCount "81"]
[EventDate "2011.06.10"]
[EventType "swiss"]
[EventRounds "7"]
[EventCountry "NED"]
[Source "P.Boonen"]
[SourceDate "2012.01.01"]

1. d4 Nf6 2. c4 d6 3. Nc3 g6 4. Bg5 Bg7 5. Nf3 O-O 6. e3 Bg4 7. Be2 Nbd7 8. h3
Bxf3 9. Bxf3 Rb8 10. O-O e5 11. dxe5 Nxe5 12. Nd5 Re8 13. b3 Re6 14. Be2 Qd7
15. Rb1 Ne4 16. f4 Nc6 17. Bf3 Nc3 18. Nxc3 Bxc3 19. Qd3 Bg7 20. Rfe1 Rbe8 21.
e4 Nb4 22. Qd2 c5 23. Bg4 f5 24. exf5 Rxe1+ 25. Rxe1 Rxe1+ 26. Qxe1 gxf5 27.
Bf3 b6 28. Qe2 d5 29. cxd5 Nxd5 30. Qc4 Kh8 31. Qxd5 Qxd5 32. Bxd5 Bd4+ 33. Kf1
Kg7 34. Ke2 h6 35. Bd8 Kf8 36. Bc7 Ke7 37. Bc6 Kf6 38. Kf3 Kg6 39. g4 h5 40.
Be8+ Kf6 41. Bxh5 1-0

[Event "ENCI Limburg-open C"]
[Site "Maastricht"]
[Date "2011.06.11"]
[Round "3"]
[White "Hendrikse, Arnoud"]
[Black "Beissel, Daniel"]
[Result "0-1"]
[WhiteElo "1707"]
[BlackElo "1586"]
[PlyCount "58"]
[EventDate "2011.06.10"]
[EventType "swiss"]
[EventRounds "7"]
[EventCountry "NED"]
[Source "P.Boonen"]
[SourceDate "2012.01.01"]

1. d4 c5 2. Nf3 Nf6 3. g3 e6 4. h3 d5 5. Bg2 cxd4 6. Nxd4 Nc6 7. Nb3 Bd6 8. O-O
Qc7 9. Nc3 a6 10. e4 dxe4 11. Nxe4 Nxe4 12. Bxe4 O-O 13. c3 f5 14. Bg2 e5 15.
f4 e4 16. Be3 b6 17. Qc2 Be6 18. Qf2 Rab8 19. Nd4 Nxd4 20. Bxd4 Bc5 21. Rfd1
Rbd8 22. Bf1 Bxd4 23. Rxd4 Rxd4 24. Qxd4 Rd8 25. Qa4 Qc5+ 26. Kh1 Qf2 27. Qc6
Bd5 28. Qc7 e3+ 29. Bg2 Qxg2# 0-1